000 00567nam a22002057a 4500
999 _c2585
_d2585
005 20181016180939.0
008 181016b ||||| |||| 00| 0 eng d
020 _a8172148844
040 _cDLC
082 _a232.095
_bA482A
100 _aAmaladoss, Michael
245 _aThe Asian Jesus
_cMichael Amaladoss
260 _aDelhi
_aChennai
_bISPCK
_bIDCR
_c2005
300 _a205p,;
500 _aincludes bibliography [201-205]
650 _aJesus Christ
_xChristology
_zAsia
650 _aReligion
_xTypology (Theology)
650 _xChristianity
942 _2ddc
_cBK